000 01165nam a2200313 a 4500
001 000004776
003 DO-SdBNP
005 20250205124808.0
007 ta
008 090727s1997 dr a 001 0 spa d
020 _a8492184515
040 _aDO-SdBNP
_bspa
_cBNPHU
082 4 _a307.76
_bL925u
_222
100 1 _aLozano, Wilfredo
_d1950-
_97126
245 1 3 _aLa urbanización de la pobreza :
_burbanización, trabajo y desigualdad social en Santo Domingo /
_cWilfredo Lozano.
260 _aSanto Domingo :
_bFLASCO,
_c1997.
300 _a291 p. :
_bilustracines ;
_c23 cm.
500 _aIncluye índice de cuadros, diagramas y mapas
500 _aIncluye referencias bibliográficas y notas al pie de las páginas
504 _aBibliografía : p. 265-282
590 _aInventariado,2018/DG
650 4 _aUrbanización
_xAspectos sociales
_913881
650 4 _aPobreza
_zRepública Dominicana
_92079
650 4 _aUrbanización
_zRepública Dominicana
_99561
651 4 _aRepública Dominicana
_xCondiciones sociales
_946
710 2 _aFacultad Latinoaméricana de Ciencias Sociales
_9294
910 _aValidado. Control de calidad MFF
942 _2ddc
_cLBS1
999 _c4582
_d4582